India 2017 : (Record no. 139369)

MARC details
000 -LEADER
fixed length control field 00539nam a22001817a 4500
005 - DATE AND TIME OF LATEST TRANSACTION
control field 20171016170241.0
010 ## - LCCN (DPL NO)
LC control number ENG-117992 B-680568
020 ## - INTERNATIONAL STANDARD BOOK NUMBER
International Standard Book Number 9788123023281
Terms of availability 350.00
035 ## - SYSTEM CONTROL NUMBER
System control number EN-101524
035 ## - SYSTEM CONTROL NUMBER
System control number B-680568
037 ## - SOURCE OF ACQUISITION
Source of stock number/acquisition DBAD/PUB
037 ## - SOURCE OF ACQUISITION
Source of stock number/acquisition Pancy Books
082 ## - DEWEY DECIMAL CLASSIFICATION NUMBER
Classification number 954
245 ## - TITLE STATEMENT
Title India 2017 :
Remainder of title a references annual /
Statement of responsibility, etc complied by New Media Wing
260 ## - PUBLICATION, DISTRIBUTION, ETC. (IMPRINT)
Place of publication, distribution, etc New Delhi
Name of publisher, distributor, etc Publications Division
Date of publication, distribution, etc 2017
270 ## - ADDRESS
Address Soochna Bhavan, C.G.O. Complex Lodhi Road,
City New Delhi
Postal code 110003
300 ## - PHYSICAL DESCRIPTION
Extent 992p.:
Other physical details ill.
Dimensions 24cm(pbk)
Holdings
Withdrawn status Lost status Not for loan Collection code Home library Current library Date acquired Source of acquisition Cost, normal purchase price Full call number Barcode Copy number Cost, replacement price Koha item type
    Not For Loan Non-fiction Sarojini Nagar Sarojini Nagar 28/04/2017 DBAD/PUB 350.00 954 IND EN-101524 1 350.00 English Books
    Not For Loan Reference Sarojini Nagar Sarojini Nagar 16/10/2017 Pansy Books/1664/25.8.17/DPL/ZLS/RP/2017-18/1/130/24.8.17/25.8.17 350.00 954 IND B-680568 1 350.00 English Books

© Delhi Public Library
Hit Counter
free hit counter